[Event "Moscow op-A 19th"]
[Site "Moscow"]
[Date "2023.07.21"]
[Round "6"]
[White "Popov, Konstantin"]
[Black "Ponomarev, Vsevolod"]
[Result "1/2-1/2"]
[WhiteElo "2381"]
[BlackElo "2113"]
[PlyCount "80"]
[EventDate "2023.07.17"]
[EventType "swiss"]
[EventRounds "9"]
[EventCountry "RUS"]
[SourceTitle "CBM 215 Extra"]
[Source "ChessBase"]
[SourceDate "2023.09.30"]
[SourceVersion "1"]
[SourceVersionDate "2023.09.30"]
[SourceQuality "1"]

1. e4 c6 2. d4 d5 3. e5 Bf5 4. h4 h6 5. g4 Bd7 6. c4 e6 7. Nc3 c5 8. cxd5 exd5 9. dxc5 Bxc5 10. Qxd5 Qb6 11. Bc4 Be6 12. Qe4 Bxf2+ 13. Kf1 Bg3 14. Kg2 Qf2+ 15. Kh3 Bxh4 16. Bf4 Bxg4+ 17. Kxg4 h5+ 18. Kh3 g5 19. Bxf7+ Kxf7 20. e6+ Kg7 21. Qxb7+ Kh6 22. Bxg5+ Bxg5 23. Nf3 Ne7 24. Rhf1 Qb6 25. Qxb6 axb6 26. Nxg5 Kxg5 27. Ne4+ Kh6 28. Rf6+ Ng6 29. Rg1 Rg8 30. Nd6 Nc6 31. Nf5+ Kh7 32. Rg5 Nf4+ 33. Kh4 Ng2+ 34. Kxh5 Rxg5+ 35. Kxg5 Rg8+ 36. Kh5 Nf4+ 37. Kh4 Ng2+ 38. Kh3 Nf4+ 39. Kh4 Ng2+ 40. Kh3 Nf4+ 1/2-1/2

[Event "Chigorin Memorial 29th"]
[Site "St Petersburg"]
[Date "2022.10.30"]
[Round "9"]
[White "Ponomarev, Vsevolod"]
[Black "Yurasova, Daria"]
[Result "1-0"]
[WhiteElo "2214"]
[BlackElo "2048"]
[PlyCount "111"]
[EventDate "2022.10.22"]
[EventType "swiss"]
[EventRounds "9"]
[EventCountry "RUS"]
[SourceTitle "EXT 2024"]
[Source "ChessBase"]
[SourceDate "2023.10.10"]
[SourceVersion "1"]
[SourceVersionDate "2023.10.10"]
[SourceQuality "1"]

1. e4 e5 2. Nf3 Nc6 3. Bb5 a6 4. Ba4 Nf6 5. 0-0 b5 6. Bb3 Bb7 7. Re1 Be7 8. d4 d6 9. c3 0-0 10. Nbd2 h6 11. Nf1 Re8 12. Ng3 Bf8 13. a4 Qd7 14. Bc2 Rad8 15. axb5 axb5 16. Qd3 exd4 17. Qxb5 dxc3 18. bxc3 Ra8 19. Ba4 Ne5 20. Qxb7 Rxa4 21. Nxe5 Rxe5 22. Rxa4 Qxa4 23. Qxc7 Nxe4 24. Be3 Re7 25. Qc8 Re8 26. Qc7 Nf6 27. Qb7 Qc4 28. Qb4 Qc6 29. Qd4 Nd5 30. Bd2 Rc8 31. Ne4 Nb6 32. Be3 Nc4 33. Rd1 Re8 34. Ng3 g6 35. Bf4 Bg7 36. Qd3 Qa4 37. Rf1 Qb3 38. Ne4 Nb2 39. Qf3 d5 40. Nd6 Re6 41. Bg3 f5 42. h4 h5 43. Rc1 Bf8 44. Nc8 Qc4 45. Rb1 Ba3 46. Ra1 Qc5 47. Bf4 Nc4 48. Na7 Re4 49. Bb8 Qb6 50. Qg3 Kf7 51. Nc8 Qc6 52. Na7 Qb7 53. Qc7+ Re7 54. Qxb7 Rxb7 55. Nc6 Bc5 56. Nd8+ 1-0

[Event "Chigorin Memorial 29th"]
[Site "St Petersburg"]
[Date "2022.10.27"]
[Round "6"]
[White "Seleznev, Mikhail V"]
[Black "Ponomarev, Vsevolod"]
[Result "0-1"]
[WhiteElo "1992"]
[BlackElo "2214"]
[PlyCount "62"]
[EventDate "2022.10.22"]
[EventType "swiss"]
[EventRounds "9"]
[EventCountry "RUS"]
[SourceTitle "EXT 2024"]
[Source "ChessBase"]
[SourceDate "2023.10.10"]
[SourceVersion "1"]
[SourceVersionDate "2023.10.10"]
[SourceQuality "1"]

1. e4 c6 2. Nf3 d5 3. Nc3 Bg4 4. Be2 e6 5. d4 Bb4 6. h3 Bh5 7. exd5 cxd5 8. 0-0 Nc6 9. Ne5 Bxe2 10. Nxe2 Nxe5 11. dxe5 Qc7 12. c3 Bc5 13. Nd4 Ne7 14. Be3 0-0 15. f4 Nc6 16. Rf2 Qb6 17. Rc1 Rac8 18. Rcc2 Rc7 19. Rcd2 Rfc8 20. g4 Qa6 21. Qf1 b5 22. Nxe6 Bxe3 23. Nxc7 Rxc7 24. Qd3 Bxf2+ 25. Kxf2 Rd7 26. Qf5 Qb6+ 27. Kf3 Nb8 28. Rd4 Qe6 29. Rb4 a6 30. Qd3 Nc6 31. Rb3 d4 0-1

[Event "RUS-chT Rapid"]
[Site "Sochi"]
[Date "2022.10.18"]
[Round "1.16"]
[White "Moiseenko, Vadim"]
[Black "Ponomarev, Vsevolod"]
[Result "0-1"]
[WhiteElo "2529"]
[BlackElo "2214"]
[PlyCount "94"]
[EventDate "2022.10.18"]
[EventType "team-swiss (rapid)"]
[EventRounds "9"]
[EventCountry "RUS"]
[SourceTitle "CBM 210 Extra"]
[Source "ChessBase"]
[SourceDate "2022.11.30"]
[SourceVersion "1"]
[SourceVersionDate "2022.11.30"]
[SourceQuality "1"]
[WhiteTeam "Vologodsk Region"]
[BlackTeam "St Petersburg Akad Talantov"]
[WhiteTeamCountry "RUS"]
[BlackTeamCountry "RUS"]

1. Nf3 d5 2. d4 Nf6 3. c4 e6 4. Nc3 Be7 5. Bf4 0-0 6. e3 Nbd7 7. cxd5 Nxd5 8. Nxd5 exd5 9. Bd3 c5 10. 0-0 c4 11. Bc2 b5 12. e4 Nf6 13. e5 Ne4 14. Re1 Qb6 15. Nd2 Bb4 16. Rxe4 dxe4 17. Nxe4 Rd8 18. d5 Bb7 19. d6 Bxe4 20. Bxe4 Rac8 21. Qh5 g6 22. Qh4 Qd4 23. Bg5 Re8 24. Bf6 h5 25. Qg5 Bd2 26. Qh4 Bb4 27. a3 Bc5 28. Qf4 Re6 29. Re1 Bxd6 30. Qh6 Rxf6 31. exf6 Qxf6 32. Qd2 Be5 33. Qd7 Rc5 34. Qxa7 Bd4 35. Bf3 Kg7 36. Qa8 Bxb2 37. Be4 Bd4 38. Re2 c3 39. g3 h4 40. Kg2 Qe6 41. h3 hxg3 42. fxg3 Re5 43. Kf3 f5 44. Qb7+ Kh6 45. g4 Rxe4 46. g5+ Kxg5 47. Rg2+ Kh6 0-1

[Event "RUS-ch Blitz"]
[Site "Sochi"]
[Date "2022.10.14"]
[Round "1"]
[White "Ponomarev, Vsevolod"]
[Black "Afanasiev, Nikita"]
[Result "0-1"]
[WhiteElo "2214"]
[BlackElo "2569"]
[PlyCount "76"]
[EventDate "2022.10.14"]
[EventType "swiss (blitz)"]
[EventRounds "13"]
[EventCountry "RUS"]
[SourceTitle "CBM 210 Extra"]
[Source "ChessBase"]
[SourceDate "2022.11.30"]
[SourceVersion "1"]
[SourceVersionDate "2022.11.30"]
[SourceQuality "1"]

1. e4 g6 2. d4 Bg7 3. Nf3 d6 4. Bd3 Nc6 5. c3 Nf6 6. 0-0 0-0 7. h3 Nd7 8. d5 Nce5 9. Nxe5 Nxe5 10. Bc2 c6 11. f4 Nc4 12. Kh1 Qb6 13. Qe2 cxd5 14. exd5 Qc7 15. Nd2 Nb6 16. Bb3 a5 17. a4 Re8 18. Nf3 e6 19. dxe6 Bxe6 20. Bxe6 Rxe6 21. Qf2 Re4 22. Ng5 Rxa4 23. Rxa4 Nxa4 24. Be3 h6 25. Nf3 Re8 26. f5 Nxb2 27. f6 Bxf6 28. Nd4 Bg7 29. Qxb2 Rxe3 30. Nb5 Qe7 31. Qd2 Re6 32. c4 b6 33. Qd5 Re1 34. Qa8+ Kh7 35. Qf3 Rxf1+ 36. Qxf1 Be5 37. Qd1 Qe6 38. Qf3 Qxc4 0-1

[Event "Chigorin Memorial 28th"]
[Site "St Petersburg"]
[Date "2021.10.31"]
[Round "9"]
[White "Ponomarev, Vsevolod"]
[Black "Yashmetov, Mikhail"]
[Result "1/2-1/2"]
[WhiteElo "2135"]
[BlackElo "2256"]
[PlyCount "111"]
[EventDate "2021.10.23"]
[EventType "swiss"]
[EventRounds "9"]
[EventCountry "RUS"]
[SourceTitle "EXT 2023"]
[Source "ChessBase"]
[SourceDate "2022.10.05"]
[SourceVersion "1"]
[SourceVersionDate "2022.10.05"]
[SourceQuality "1"]

1. e4 c6 2. d4 d5 3. Nc3 dxe4 4. Nxe4 Nf6 5. Nxf6+ exf6 6. c3 Bd6 7. Bd3 0-0 8. Ne2 Re8 9. Qc2 h5 10. Be3 Nd7 11. 0-0 h4 12. h3 Nf8 13. Qd2 Ne6 14. f4 Nc7 15. Bf2 f5 16. c4 a5 17. Nc3 Bd7 18. Rae1 g6 19. Rxe8+ Bxe8 20. Be3 Bf8 21. Be2 b5 22. b3 a4 23. Bf3 axb3 24. axb3 Bb4 25. Qb2 Rb8 26. Qc2 Qf6 27. Rd1 Rd8 28. Na2 Bd6 29. c5 Bf8 30. Nb4 Ne6 31. d5 cxd5 32. Nxd5 Qg7 33. c6 Bd6 34. Nc3 Nc7 35. Bb6 Qf6 36. Nd5 Nxd5 37. Bxd8 Qxd8 38. Rxd5 Qb6+ 39. Kh1 Bxf4 40. Qc5 Qc7 41. Rd1 Be5 42. Qxb5 Qe7 43. Re1 f6 44. Qb7 Qc5 45. Rd1 Bd6 46. Re1 Be5 47. c7 Qc3 48. Rxe5 fxe5 49. Qd5+ Bf7 50. Qd8+ Kg7 51. Kh2 Qe1 52. Qd1 Qc3 53. Qd7 Qe1 54. Qd1 Qc3 55. Qd8 Qe1 56. Qd1 1/2-1/2

[Event "Chigorin Memorial 28th"]
[Site "St Petersburg"]
[Date "2021.10.24"]
[Round "2"]
[White "Postny, Evgeny"]
[Black "Ponomarev, Vsevolod"]
[Result "0-1"]
[WhiteElo "2552"]
[BlackElo "2135"]
[PlyCount "70"]
[EventDate "2021.10.23"]
[EventType "swiss"]
[EventRounds "9"]
[EventCountry "RUS"]
[SourceTitle "EXT 2023"]
[Source "ChessBase"]
[SourceDate "2022.10.05"]
[SourceVersion "1"]
[SourceVersionDate "2022.10.05"]
[SourceQuality "1"]

1. d4 d5 2. c4 e6 3. Nc3 Be7 4. Nf3 Nf6 5. Bf4 0-0 6. a3 b6 7. cxd5 exd5 8. g3 c5 9. Bg2 Nc6 10. 0-0 Be6 11. Rc1 Rc8 12. Re1 Ne4 13. Be3 f5 14. Na4 Bf6 15. Qd3 c4 16. Qb1 b5 17. Nc3 Qb6 18. Red1 Rfd8 19. Bh3 Na5 20. Rf1 Nb3 21. Rcd1 a5 22. a4 b4 23. Nb5 g6 24. Bg2 Bd7 25. Ne5 Bxb5 26. axb5 Bxe5 27. dxe5 Qxb5 28. f3 c3 29. bxc3 bxc3 30. Qc2 Ned2 31. Bg5 Nd4 32. Qa2 Qxe2 33. Bxd2 c2 34. Qa4 cxd1Q 35. Qxd1 Rc2 0-1

[Event "EU-ch Hybrid U14"]
[Site "Tornelo INT"]
[Date "2021.10.15"]
[Round "6"]
[White "Ponomarev, Vsevolod"]
[Black "Gasanov, Vadim"]
[Result "1-0"]
[WhiteElo "2135"]
[BlackElo "2027"]
[PlyCount "135"]
[EventDate "2021.10.15"]
[EventType "swiss"]
[EventRounds "9"]
[EventCountry "NET"]
[SourceTitle "EXT 2023"]
[Source "ChessBase"]
[SourceDate "2022.10.05"]
[SourceVersion "1"]
[SourceVersionDate "2022.10.05"]
[SourceQuality "1"]
[WhiteTeam "Russia"]
[BlackTeam "Russia"]
[WhiteTeamCountry "RUS"]
[BlackTeamCountry "RUS"]

1. e4 c5 2. Nf3 d6 3. d4 cxd4 4. Nxd4 Nf6 5. Nc3 g6 6. Be3 Bg7 7. f3 0-0 8. Qd2 Nc6 9. Bc4 Bd7 10. 0-0-0 Ne5 11. Bb3 Rc8 12. Kb1 Nc4 13. Bxc4 Rxc4 14. g4 b5 15. b3 Rc8 16. Ndxb5 Bxb5 17. Nxb5 a6 18. Nd4 Qc7 19. h4 h5 20. gxh5 Nxh5 21. Ne2 Rfd8 22. Nf4 Nxf4 23. Bxf4 Qc5 24. Be3 Qh5 25. Qe2 Qa5 26. Bd4 e5 27. Bb2 Rc6 28. h5 d5 29. hxg6 Rxg6 30. f4 exf4 31. Bxg7 Kxg7 32. Qh5 Qb6 33. exd5 Qd6 34. Qh7+ Kf6 35. Rhf1 Rdg8 36. Qh4+ Kf5 37. Qh3+ Rg4 38. Rd4 Kg5 39. Rdxf4 Qxf4 40. Rxf4 Kxf4 41. Qf1+ Ke5 42. Qxf7 R8g6 43. Kb2 Rg2 44. Ka3 Kd4 45. d6 Rg7 46. Qe6 R2g6 47. Qc4+ Ke5 48. Qc5+ Ke6 49. c4 Rg5 50. Qb6 Rd7 51. c5 Rd5 52. Qb4 Ke5 53. Qc3+ Ke6 54. c6 R5xd6 55. cxd7 Kxd7 56. Kb4 Rc6 57. Qg7+ Kc8 58. Ka5 Kb8 59. Qf8+ Kc7 60. Qe7+ Kb8 61. Qe8+ Kb7 62. Qxc6+ Kxc6 63. Kxa6 Kc7 64. b4 Kb8 65. Kb6 Ka8 66. Kc7 Ka7 67. b5 Ka8 68. a3 1-0

[Event "EU-ch Hybrid U14"]
[Site "Tornelo INT"]
[Date "2021.10.15"]
[Round "7"]
[White "Ponomarev, Vsevolod"]
[Black "Khubukshanov, Erdem"]
[Result "1/2-1/2"]
[WhiteElo "2135"]
[BlackElo "2373"]
[PlyCount "103"]
[EventDate "2021.10.15"]
[EventType "swiss"]
[EventRounds "9"]
[EventCountry "NET"]
[SourceTitle "EXT 2023"]
[Source "ChessBase"]
[SourceDate "2022.10.05"]
[SourceVersion "1"]
[SourceVersionDate "2022.10.05"]
[SourceQuality "1"]
[WhiteTeam "Russia"]
[BlackTeam "Russia"]
[WhiteTeamCountry "RUS"]
[BlackTeamCountry "RUS"]

1. e4 c6 2. d4 d5 3. Nc3 dxe4 4. Nxe4 Nf6 5. Nxf6+ exf6 6. c3 Bd6 7. Bd3 0-0 8. Qc2 h6 9. Ne2 Qc7 10. h3 Re8 11. 0-0 c5 12. d5 Nd7 13. c4 Ne5 14. Nc3 a6 15. Ne4 Bf8 16. f4 Nxd3 17. Qxd3 b5 18. b3 Qe7 19. Ng3 bxc4 20. bxc4 a5 21. a4 f5 22. Bd2 Bd7 23. Rfe1 Qf6 24. Bc3 Rxe1+ 25. Rxe1 Qg6 26. Kh2 Bxa4 27. Ra1 Bd7 28. Rxa5 Rxa5 29. Bxa5 Bd6 30. Qe3 Qf6 31. Bc3 Qe7 32. Qxe7 Bxe7 33. Be5 Bc8 34. Nf1 f6 35. Bc7 Kf7 36. Nd2 Ke8 37. Kg3 Kd7 38. Bb6 Ba6 39. Kf3 Bd6 40. Ke3 Kc8 41. g3 g5 42. Kd3 Kb7 43. Bd8 gxf4 44. gxf4 Bxf4 45. Nb3 Bd6 46. Bxf6 Kb6 47. Bd8+ Ka7 48. Na5 Bc8 49. Nc6+ Kb7 50. Be7 Kc7 51. Bxd6+ Kxd6 52. Ke3 1/2-1/2

[Event "St Petersburg Amir Cup Rapid"]
[Site "St Petersburg"]
[Date "2021.05.22"]
[Round "5"]
[White "Ponomarev, Vsevolod"]
[Black "Bodnaruk, Anastasia"]
[Result "0-1"]
[WhiteElo "2028"]
[BlackElo "2457"]
[PlyCount "166"]
[EventDate "2021.05.22"]
[EventType "swiss (rapid)"]
[EventRounds "9"]
[EventCountry "RUS"]
[SourceTitle "CBM 202 Extra"]
[Source "ChessBase"]
[SourceDate "2021.07.31"]
[SourceVersion "1"]
[SourceVersionDate "2021.07.31"]
[SourceQuality "1"]

1. e4 c5 2. Nf3 d6 3. d4 cxd4 4. Nxd4 Nf6 5. Nc3 a6 6. Be2 e5 7. Nb3 Be7 8. 0-0 0-0 9. a4 Be6 10. Bf3 Nbd7 11. a5 Qc7 12. Be3 b5 13. axb6 Nxb6 14. Na5 Nc4 15. Nxc4 Bxc4 16. Re1 Rab8 17. Qc1 Rfc8 18. Bd2 Qb7 19. b3 Be6 20. Qa3 Rc6 21. Qa5 Rbc8 22. Be2 Bd8 23. Bxa6 Bxa5 24. Bxb7 Bxc3 25. Bxc3 Rxc3 26. Bxc8 Rxc8 27. b4 Kf8 28. b5 Nd7 29. Red1 Ke7 30. Ra6 Rxc2 31. Rb1 Ba2 32. Rd1 Rb2 33. Raxd6 Be6 34. Ra6 Rxb5 35. Ra7 Rb8 36. f3 Ke8 37. Rc1 Rb2 38. Ra8+ Ke7 39. Rg8 g6 40. Ra8 h5 41. h4 Kf6 42. Ra7 Rd2 43. Rf1 Nc5 44. Rf2 Rd4 45. Rc2 Nd3 46. Kh2 g5 47. hxg5+ Kxg5 48. Ra8 Nf4 49. Rg8+ Kf6 50. Rb2 h4 51. Rh8 Ng6 52. Rg8 Kg5 53. Rb5 Kf4 54. Rb6 Kg5 55. Rb5 Kf6 56. Rb2 Rd3 57. Rc2 h3 58. Rf2 hxg2 59. Kxg2 Nf4+ 60. Kh2 Bb3 61. Rg4 Bd1 62. Rg3 Nh5 63. Rh3 Kg6 64. Rg2+ Kh6 65. Rf2 Re3 66. Rh4 Rxf3 67. Rd2 Bb3 68. Rd8 Kg5 69. Rh3 Rxh3+ 70. Kxh3 Kf4 71. Rd3 Be6+ 72. Kg2 Kxe4 73. Rd1 Nf4+ 74. Kf2 Nd3+ 75. Kg2 f5 76. Ra1 f4 77. Kf1 Kf3 78. Ra3 e4 79. Kg1 Ke2 80. Ra4 Ke3 81. Ra6 Bh3 82. Rh6 Bg4 83. Rg6 Be2 0-1

[Event "St Petersburg Amir Cup Rapid"]
[Site "St Petersburg"]
[Date "2021.05.22"]
[Round "3"]
[White "Ponomarev, Vsevolod"]
[Black "Lobanov, Sergei"]
[Result "0-1"]
[WhiteElo "2028"]
[BlackElo "2515"]
[PlyCount "50"]
[EventDate "2021.05.22"]
[EventType "swiss (rapid)"]
[EventRounds "9"]
[EventCountry "RUS"]
[SourceTitle "CBM 202 Extra"]
[Source "ChessBase"]
[SourceDate "2021.07.31"]
[SourceVersion "1"]
[SourceVersionDate "2021.07.31"]
[SourceQuality "1"]

1. e4 e5 2. Nf3 Nc6 3. Bb5 a6 4. Ba4 Bc5 5. 0-0 Nge7 6. c3 Ba7 7. d4 Ng6 8. Bg5 f6 9. Be3 0-0 10. Na3 d6 11. Nc2 Kh8 12. b4 Bd7 13. Bb3 Qe8 14. Qd3 f5 15. d5 Nf4 16. Bxf4 fxe4 17. Qxe4 Rxf4 18. Qe2 Ne7 19. Ng5 Qg6 20. Ne6 Nxd5 21. Bxd5 Bxe6 22. Bxb7 Bc4 23. Qd2 Bxf1 24. Rxf1 Raf8 25. Ne3 Rxf2 0-1

[Event "St Petersburg-ch sf"]
[Site "St Petersburg"]
[Date "2021.02.23"]
[Round "2"]
[White "Volkov, Roman"]
[Black "Ponomarev, Vsevolod"]
[Result "1-0"]
[WhiteElo "2161"]
[BlackElo "1984"]
[PlyCount "109"]
[EventDate "2021.02.22"]
[EventType "swiss"]
[EventRounds "9"]
[EventCountry "RUS"]
[SourceTitle "EXT 2022"]
[Source "ChessBase"]
[SourceDate "2021.10.06"]
[SourceVersion "1"]
[SourceVersionDate "2021.10.06"]
[SourceQuality "1"]

1. e4 e5 2. Nf3 Nc6 3. Bb5 a6 4. Ba4 Nf6 5. 0-0 Be7 6. d3 b5 7. Bb3 0-0 8. a4 Bb7 9. Re1 d6 10. Nbd2 Na5 11. Ba2 Re8 12. b4 Nc6 13. c3 Bf8 14. Nf1 g6 15. Bg5 Bg7 16. Ne3 Qd7 17. h3 Nd8 18. axb5 axb5 19. Nd5 Nxd5 20. Bxd5 Bxd5 21. exd5 Rxa1 22. Qxa1 c6 23. Qa8 cxd5 24. Qxd5 e4 25. Rxe4 Rxe4 26. dxe4 Bxc3 27. Bxd8 Qxd8 28. Qxb5 Qc8 29. g3 h6 30. Kg2 g5 31. Qb6 Qc4 32. Qxd6 Kg7 33. Qd5 Qxb4 34. h4 f6 35. Qd7+ Kg8 36. Qf5 Qf8 37. Qg6+ Qg7 38. Qxg7+ Kxg7 39. h5 Kf7 40. Nh2 Bd4 41. Ng4 Kg7 42. Kf3 Bc5 43. Ne3 Bxe3 44. Kxe3 Kf7 45. Kd4 Ke6 46. f4 gxf4 47. gxf4 Kd6 48. e5+ fxe5+ 49. fxe5+ Ke6 50. Ke4 Ke7 51. Kf5 Kf7 52. e6+ Ke7 53. Ke5 Ke8 54. Kf6 Kf8 55. Kg6 1-0

[Event "Chigorin Memorial 27th"]
[Site "St Petersburg"]
[Date "2019.10.12"]
[Round "8"]
[White "Ponomarev, Vsevolod"]
[Black "Chesnokova, Anna"]
[Result "1-0"]
[WhiteElo "1980"]
[BlackElo "1683"]
[PlyCount "75"]
[EventDate "2019.10.05"]
[EventType "swiss"]
[EventRounds "9"]
[EventCountry "RUS"]
[SourceTitle "EXT 2021"]
[Source "ChessBase"]
[SourceDate "2020.10.23"]
[SourceVersion "1"]
[SourceVersionDate "2020.10.23"]
[SourceQuality "1"]

1. e4 c5 2. c4 e5 3. Ne2 Nc6 4. g3 g6 5. Bg2 Bg7 6. 0-0 Nge7 7. Nbc3 d6 8. d3 0-0 9. a3 f5 10. exf5 Nxf5 11. b4 cxb4 12. axb4 Nxb4 13. Ne4 d5 14. Ba3 dxe4 15. Bxb4 exd3 16. Bxf8 Kxf8 17. Ra3 d2 18. Bd5 Bh6 19. Rb3 Qc7 20. Kh1 Ne7 21. Bg2 Qxc4 22. Rc3 Qb4 23. f4 Bg4 24. Qxd2 Bxe2 25. Rc8+ Rxc8 26. Qxb4 Bxf1 27. Bxf1 exf4 28. Qxb7 fxg3 29. hxg3 a5 30. g4 Bd2 31. Qf3+ Kg7 32. Qe4 Bb4 33. Bc4 Rf8 34. Qe5+ Kh6 35. g5+ Kh5 36. Be2+ Kh4 37. Kg2 Nf5 38. Qf4# 1-0

[Event "Chigorin Memorial 27th"]
[Site "St Petersburg"]
[Date "2019.10.07"]
[Round "3"]
[White "Zhang, Lanlin"]
[Black "Ponomarev, Vsevolod"]
[Result "1-0"]
[WhiteElo "2203"]
[BlackElo "1980"]
[PlyCount "63"]
[EventDate "2019.10.05"]
[EventType "swiss"]
[EventRounds "9"]
[EventCountry "RUS"]
[SourceTitle "EXT 2020"]
[Source "ChessBase"]
[SourceDate "2019.10.17"]
[SourceVersion "1"]
[SourceVersionDate "2019.10.17"]
[SourceQuality "1"]

1. e4 e5 2. Nf3 Nc6 3. Bc4 Bc5 4. 0-0 Nf6 5. d3 d6 6. c3 a6 7. Bb3 Ba7 8. Nbd2 0-0 9. h3 Ne7 10. Re1 Ng6 11. Nf1 Nh5 12. d4 exd4 13. cxd4 Nhf4 14. Be3 Qf6 15. Ng3 h6 16. Rc1 c6 17. Bc2 Rd8 18. Nf5 Kh8 19. Nh2 d5 20. e5 Qg5 21. Ng3 Bxh3 22. gxh3 Nxh3+ 23. Kf1 Nhf4 24. Nf3 Qe7 25. Qd2 Ne6 26. Bxh6 Nxd4 27. Nxd4 Qh4 28. Bxg7+ Kg8 29. Bf6 Qh3+ 30. Kg1 c5 31. Bxg6 fxg6 32. Qg5 1-0

[Event "Chigorin Memorial 27th"]
[Site "St Petersburg"]
[Date "2019.10.05"]
[Round "1"]
[White "Bryakin, Mikhail"]
[Black "Ponomarev, Vsevolod"]
[Result "1-0"]
[WhiteElo "2436"]
[BlackElo "1980"]
[PlyCount "65"]
[EventDate "2019.10.05"]
[EventType "swiss"]
[EventRounds "9"]
[EventCountry "RUS"]
[SourceTitle "EXT 2020"]
[Source "ChessBase"]
[SourceDate "2019.10.17"]
[SourceVersion "1"]
[SourceVersionDate "2019.10.17"]
[SourceQuality "1"]

1. d4 d5 2. Nf3 Nf6 3. Bf4 e6 4. e3 c5 5. c3 Nc6 6. Nbd2 Be7 7. h3 0-0 8. Bd3 Nh5 9. Bh2 f5 10. 0-0 c4 11. Bc2 Nf6 12. Ne5 Bd6 13. b3 cxb3 14. axb3 Bxe5 15. Bxe5 Nxe5 16. dxe5 Ne4 17. Nxe4 fxe4 18. Qd4 b6 19. f3 exf3 20. gxf3 Qg5+ 21. Kh2 Qh6 22. f4 Bb7 23. Rf3 Kh8 24. Raf1 Rf7 25. f5 Raf8 26. f6 Qh5 27. Bd1 Qh6 28. Rf4 Rg8 29. Rg1 gxf6 30. Rxg8+ Kxg8 31. exf6 Qf8 32. Qe5 Bc8 33. Bh5 1-0

[Event "Wch-ch U12 rapid"]
[Site "Minsk"]
[Date "2019.08.17"]
[Round "5"]
[White "Ponomarev, Vsevolod"]
[Black "Saveljev, Ivan"]
[Result "1-0"]
[WhiteElo "1980"]
[BlackElo "2040"]
[PlyCount "91"]
[EventDate "2019.08.16"]
[EventType "swiss (rapid)"]
[EventRounds "9"]
[EventCountry "BLR"]
[SourceTitle "CBM 191 Extra"]
[Source "ChessBase"]
[SourceDate "2019.09.30"]
[SourceVersion "1"]
[SourceVersionDate "2019.09.30"]
[SourceQuality "1"]

1. e4 c5 2. Nf3 Nc6 3. d4 cxd4 4. Nxd4 Nf6 5. Nc3 e5 6. Ndb5 d6 7. Bg5 a6 8. Na3 b5 9. Nd5 Be7 10. Bxf6 Bxf6 11. c3 0-0 12. Nc2 Bg5 13. a4 bxa4 14. Rxa4 Kh8 15. Qa1 a5 16. Nce3 Bd7 17. Nc4 f5 18. Bd3 Be6 19. 0-0 Ne7 20. Nxe7 Bxe7 21. Nxa5 Qc7 22. exf5 Bd7 23. Ra2 d5 24. Nb3 Rxa2 25. Qxa2 e4 26. Be2 Bxf5 27. Nd4 Bd7 28. Qxd5 Re8 29. h3 Bg5 30. Qxg5 Qb7 31. b4 Qc7 32. Qc5 Qf4 33. Bb5 Rc8 34. Qd5 Bxb5 35. Qxb5 h6 36. Ne2 Qd2 37. Qf5 Re8 38. Ng3 Qd3 39. Qg6 Re7 40. Re1 Qxc3 41. Rxe4 Rxe4 42. Qxe4 Qc7 43. b5 Qb6 44. Qc6 Qd4 45. b6 Qd1+ 46. Kh2 1-0

[Event "RUS-chT U14 final"]
[Site "Sochi"]
[Date "2019.05.05"]
[Round "5.4"]
[White "Kolchin, Maxim"]
[Black "Ponomarev, Vsevolod"]
[Result "1-0"]
[WhiteElo "1918"]
[BlackElo "1875"]
[PlyCount "113"]
[EventDate "2019.05.01"]
[EventType "team-tourn"]
[EventRounds "9"]
[EventCountry "RUS"]
[SourceTitle "CBM 190 Extra"]
[Source "ChessBase"]
[SourceDate "2019.07.15"]
[SourceVersion "1"]
[SourceVersionDate "2019.07.15"]
[SourceQuality "1"]

1. d4 d5 2. Nf3 Nf6 3. Bf4 c5 4. e3 Nc6 5. Nbd2 Qb6 6. dxc5 Qxb2 7. Rb1 Qc3 8. Bb5 Nd7 9. 0-0 Qxc5 10. e4 e6 11. c4 e5 12. Nxe5 Ncxe5 13. Bxe5 dxe4 14. Ba1 f5 15. Re1 h5 16. Qe2 Kf7 17. Nb3 Qd6 18. Red1 Qc7 19. c5 Nxc5 20. Nxc5 Bxc5 21. Bc4+ Kg6 22. Rb3 h4 23. Bd5 Rd8 24. Qb2 Bf8 25. Rc3 Qa5 26. Qd2 Bb4 27. Qd4 Rd7 28. Rcc1 Qb6 29. Qe5 Re7 30. Qf4 Be6 31. Bd4 Qa6 32. Be5 Rd8 33. g4 hxg3 34. Qxg3+ Kh7 35. Qh4+ Kg6 36. Kh1 Kf7 37. Qh5+ g6 38. Qh7+ Kf8 39. Qh8+ Kf7 40. Qxd8 Qe2 41. Bxe6+ Rxe6 42. Rc7+ Be7 43. Rxe7+ Rxe7 44. Qd5+ Kf8 45. Qd6 Qf3+ 46. Kg1 Qg4+ 47. Bg3 Kf7 48. Qd5+ Kg7 49. Qd4+ Kf7 50. h3 Qf3 51. Qc4+ Kg7 52. Rd8 e3 53. Qg8+ Kh6 54. Qf8+ Rg7 55. Qf6 exf2+ 56. Bxf2 Rh7 57. Rd4 1-0

[Event "Chigorin Memorial 26th"]
[Site "St Petersburg"]
[Date "2018.11.03"]
[Round "8"]
[White "Ponomarev, Vsevolod"]
[Black "Myslevsky, Fedor"]
[Result "1-0"]
[WhiteElo "1812"]
[BlackElo "1617"]
[PlyCount "61"]
[EventDate "2018.10.27"]
[EventType "swiss"]
[EventRounds "9"]
[EventCountry "RUS"]
[SourceTitle "CBM 187 Extra"]
[Source "ChessBase"]
[SourceDate "2018.11.04"]
[SourceVersion "1"]
[SourceVersionDate "2018.11.04"]
[SourceQuality "1"]

1. e4 c5 2. Nf3 d6 3. d4 cxd4 4. Nxd4 Nf6 5. Nc3 g6 6. Be3 Bg7 7. f3 0-0 8. Bc4 Nc6 9. Qd2 Nxd4 10. Bxd4 Be6 11. Bxe6 fxe6 12. 0-0-0 Qa5 13. g4 b5 14. Kb1 b4 15. Ne2 e5 16. Be3 Qb5 17. h4 Nd7 18. h5 Rxf3 19. hxg6 hxg6 20. Bh6 Rf7 21. Bxg7 Rxg7 22. Qh6 Rf8 23. Ng3 Rf4 24. Nf5 gxf5 25. Qe6+ Rf7 26. Qg6+ Rg7 27. Qe8+ Nf8 28. Rh8+ Kxh8 29. Qxf8+ Kh7 30. Rh1+ Kg6 31. gxf5+ 1-0

[Event "Chigorin Memorial 26th"]
[Site "St Petersburg"]
[Date "2018.10.27"]
[Round "1"]
[White "Leontiev, Aleksandr V"]
[Black "Ponomarev, Vsevolod"]
[Result "1-0"]
[WhiteElo "2276"]
[BlackElo "1812"]
[PlyCount "113"]
[EventDate "2018.10.27"]
[EventType "swiss"]
[EventRounds "9"]
[EventCountry "RUS"]
[SourceTitle "CBM 187 Extra"]
[Source "ChessBase"]
[SourceDate "2018.11.04"]
[SourceVersion "1"]
[SourceVersionDate "2018.11.04"]
[SourceQuality "1"]

1. c4 e6 2. Nf3 d5 3. g3 Nf6 4. Bg2 dxc4 5. Qa4+ c6 6. Qxc4 b5 7. Qc2 Bb7 8. 0-0 Nbd7 9. d4 c5 10. a4 a6 11. Nc3 Qb6 12. axb5 axb5 13. Rxa8+ Bxa8 14. Qb3 b4 15. Na4 Qb5 16. dxc5 Bd5 17. Qd1 Nxc5 18. Nxc5 Bxc5 19. Nd4 Qa6 20. Bxd5 Nxd5 21. e4 Nf6 22. Be3 Nd7 23. Nc2 Qb5 24. Bxc5 Nxc5 25. Qd4 0-0 26. Nxb4 e5 27. Qc3 Nxe4 28. Qa3 Nd2 29. Rc1 Qe2 30. Nd5 Nf3+ 31. Kg2 Ne1+ 32. Rxe1 Qxe1 33. Ne7+ Kh8 34. Ng6+ hxg6 35. Qxf8+ Kh7 36. Qxf7 e4 37. Qf4 Qb4 38. Qc1 Qb7 39. Kg1 Qb3 40. Qc3 Qd5 41. h4 g5 42. hxg5 Qxg5 43. Qe3 Qd5 44. b4 Kg6 45. Qc5 Qxc5 46. bxc5 Kf5 47. Kf1 Ke5 48. Ke2 Kd5 49. Ke3 Kxc5 50. Kxe4 Kd6 51. Kf5 Ke7 52. Kg6 Kf8 53. g4 Kg8 54. g5 Kh8 55. Kf7 Kh7 56. f4 Kh8 57. f5 1-0